[Event "Moscow Open A 2016"]
[Site "Moscow RUS"]
[Date "2016.02.02"]
[Round "4.29"]
[White "Badmatsyrenov, Oleg"]
[Black "Drygalov, Sergey"]
[Result "1-0"]
[WhiteTitle "IM"]
[WhiteElo "2473"]
[BlackElo "2356"]
[WhiteFideId "24115762"]
[BlackFideId "24171743"]
[EventDate "2016.01.30"]

1. e4 e5 2. Nf3 Nc6 3. Bc4 Bc5 4. d3 Nf6 5. Nc3 h6 6. Be3 Bb6 7. O-O d6 8. Ne2
Ne7 9. Ng3 Ng6 10. h3 O-O 11. Qd2 Bxe3 12. fxe3 d5 13. exd5 Nxd5 14. e4 Ndf4 15.
Kh2 Qd6 16. Nf5 Bxf5 17. exf5 Ne7 18. Rae1 Rfd8 19. g3 1-0

[Event "Moscow Open A 2016"]
[Site "Moscow RUS"]
[Date "2016.02.02"]
[Round "4.30"]
[White "Iljiushenok, Ilia"]
[Black "Kozlitin, Roman"]
[Result "1-0"]
[WhiteTitle "IM"]
[BlackTitle "FM"]
[WhiteElo "2470"]
[BlackElo "2355"]
[WhiteFideId "24105074"]
[BlackFideId "4142845"]
[EventDate "2016.01.30"]

1. d4 Nf6 2. c4 e6 3. Nc3 d5 4. cxd5 exd5 5. Bg5 c6 6. Qc2 Be6 7. e3 Nbd7 8. Bd3
h6 9. Bh4 g5 10. Bg3 Nh5 11. Nge2 Nxg3 12. Nxg3 Qc7 13. Nf5 O-O-O 14. Rb1 Kb8
15. b4 Nb6 16. a4 Bxf5 17. Bxf5 Nc4 18. Qa2 a5 19. bxa5 Qxa5 20. Qb3 Qc7 21. Bd3
Na5 22. Qc2 Bd6 23. Ne2 Rde8 24. Ng3 Bxg3 25. hxg3 h5 26. Ke2 Ka7 27. Rb4 Ra8
28. Rhb1 Kb8 29. Qc5 Ra7 30. Rb6 Ka8 31. R1b5 Nc4 32. Bxc4 dxc4 33. Qxc4 f6 34.
d5 Rc8 35. dxc6 bxc6 36. Rb1 Qd7 37. Kf1 Qe7 38. Kg1 h4 39. gxh4 gxh4 40. Qxh4
Ra5 41. Qb4 Ra7 42. Qc4 Rh8 43. g3 Re8 44. a5 Qd7 45. Qb4 Qc7 46. a6 Qe5 47.
Rxc6 Rh8 48. Rxf6 Rah7 49. Rf8+ Rxf8 50. Qxf8+ Ka7 51. Qf3 1-0

[Event "Moscow Open A 2016"]
[Site "Moscow RUS"]
[Date "2016.02.02"]
[Round "4.31"]
[White "Golubov, Saveliy"]
[Black "Sorokin, Aleksey"]
[Result "0-1"]
[WhiteTitle "IM"]
[BlackTitle "FM"]
[WhiteElo "2469"]
[BlackElo "2344"]
[WhiteFideId "24176729"]
[BlackFideId "24176460"]
[EventDate "2016.01.30"]

1. e4 c6 2. d4 d5 3. e5 Bf5 4. Nd2 e6 5. Nb3 c5 6. c3 Qb6 7. Nf3 Nc6 8. Nxc5
Bxc5 9. dxc5 Qxc5 10. Qb3 Nge7 11. Qxb7 Rb8 12. Qc7 O-O 13. Qd6 Qb6 14. Be2 Rfd8
15. Qa3 d4 16. cxd4 Nb4 17. O-O Nc2 18. Qxe7 Nxa1 19. d5 exd5 20. Be3 Qxb2 21.
Nd4 Bg6 22. Nc6 Re8 23. Qd6 Qxe2 24. Nxb8 Nc2 25. Bxa7 Bd3 26. Rc1 Ne1 0-1

[Event "Moscow Open A 2016"]
[Site "Moscow RUS"]
[Date "2016.02.02"]
[Round "4.32"]
[White "Andreev, Eduard UKR"]
[Black "Aslanov, Sergei"]
[Result "1-0"]
[WhiteTitle "GM"]
[WhiteElo "2458"]
[BlackElo "2338"]
[WhiteFideId "14103400"]
[BlackFideId "4180828"]
[EventDate "2016.01.30"]

1. e4 e6 2. d4 d5 3. Nd2 Nf6 4. e5 Nfd7 5. Bd3 c5 6. c3 Nc6 7. Ne2 cxd4 8. cxd4
f6 9. exf6 Nxf6 10. Nf3 Qc7 11. O-O Bd6 12. Bg5 O-O 13. Bh4 Nh5 14. Qc2 h6 15.
Bh7+ Kh8 16. Bg6 Rxf3 17. Bxh5 Bxh2+ 18. Kh1 Rf5 19. Bg6 Bd6 20. Bxf5 exf5 21.
f4 Qf7 22. Bg3 Bd7 23. Nc3 Nxd4 24. Qd2 Nb5 25. Nxd5 Bc6 26. Rad1 Re8 27. Rfe1
Rxe1+ 28. Bxe1 Bc5 29. Bg3 Nd4 1-0

[Event "Moscow Open A 2016"]
[Site "Moscow RUS"]
[Date "2016.02.02"]
[Round "4.33"]
[White "Murtazin, Bulat"]
[Black "Ulko, Jaroslav"]
[Result "1-0"]
[WhiteTitle "FM"]
[BlackTitle "IM"]
[WhiteElo "2336"]
[BlackElo "2456"]
[WhiteFideId "24151351"]
[BlackFideId "4116658"]
[EventDate "2016.01.30"]

1. d4 Nf6 2. c4 c5 3. d5 e5 4. Nc3 d6 5. e4 Nbd7 6. Be2 Be7 7. Nf3 O-O 8. O-O
Ne8 9. Ne1 Bg5 10. Nd3 Bxc1 11. Qxc1 Qe7 12. Qe3 g6 13. Rae1 Ng7 14. Bd1 Nb6 15.
b3 f5 16. f4 fxe4 17. Qxe4 Bf5 18. Qe3 Nd7 19. Nf2 h5 20. fxe5 Nxe5 21. Nb5 Rfe8
22. Qg3 a6 23. Nc3 h4 24. Qf4 Rf8 25. Qd2 Rae8 26. h3 Qd8 27. Ng4 Nf7 28. Ne4
Nh5 29. Bc2 Bxe4 30. Bxe4 Ne5 31. Qh6 Rxf1+ 32. Rxf1 Qe7 33. Nxe5 Qxe5 34. Qxg6+
Ng7 35. Qh7# 1-0

[Event "Moscow Open A 2016"]
[Site "Moscow RUS"]
[Date "2016.02.02"]
[Round "4.34"]
[White "Seliverstov, Vladimir"]
[Black "Sargsyan, Shant"]
[Result "1-0"]
[WhiteTitle "FM"]
[BlackTitle "CM"]
[WhiteElo "2449"]
[BlackElo "2336"]
[WhiteFideId "4192036"]
[BlackFideId "13306766"]
[EventDate "2016.01.30"]

1. d4 Nf6 2. c4 e6 3. Nc3 Bb4 4. e3 c5 5. Ne2 cxd4 6. exd4 O-O 7. a3 Be7 8. Nf4
d5 9. cxd5 Nxd5 10. Ncxd5 exd5 11. Bd3 Nc6 12. O-O Bf6 13. Be3 g6 14. Rc1 Be6
15. Rc5 Qd6 16. Nxe6 fxe6 17. Qg4 Bg7 18. Rfc1 Rac8 19. h4 Qd7 20. b4 a6 21. h5
gxh5 22. Qxh5 Bf6 23. a4 Rf7 24. b5 axb5 25. Bxb5 Rg7 26. a5 Be7 27. R5c2 Ba3
28. Ra1 Bf8 29. a6 Qd6 30. Rac1 Rb8 31. Bxc6 bxc6 32. Rxc6 Qd7 33. Qe5 Re8 34.
Bh6 Rg6 35. Rc7 Qa4 36. Bxf8 Rxf8 37. Qh5 Rxg2+ 38. Kxg2 Rxf2+ 39. Kh1 1-0

[Event "Moscow Open A 2016"]
[Site "Moscow RUS"]
[Date "2016.02.02"]
[Round "4.35"]
[White "Tran, Tuan Minh"]
[Black "Sargissyan, Sargis"]
[Result "0-1"]
[WhiteTitle "IM"]
[BlackTitle "FM"]
[WhiteElo "2447"]
[BlackElo "2311"]
[WhiteFideId "12401820"]
[BlackFideId "13303210"]
[EventDate "2016.01.30"]

1. d4 Nf6 2. c4 g6 3. Nc3 Bg7 4. e4 O-O 5. Bd3 d6 6. Nge2 Nbd7 7. O-O c5 8. d5
Ne5 9. Bg5 Nfg4 10. b3 h6 11. Bc1 b5 12. cxb5 Nxd3 13. Qxd3 a6 14. b6 a5 15. Bd2
Qxb6 16. Qg3 c4 17. h3 Ne5 18. Rab1 cxb3 19. Rxb3 Qa6 20. Nb5 a4 21. Rb4 Bd7 22.
Nec3 Bxb5 23. Nxb5 Rfc8 24. Rfb1 Rab8 25. a3 Rc4 26. Rxc4 Nxc4 27. Nc3 Rxb1+ 28.
Nxb1 Qb6 29. Qd3 Qb2 30. Bb4 Bd4 31. Nd2 Nxd2 32. Qxd2 Qb1+ 33. Qe1 Qxe1+ 34.
Bxe1 Bc5 35. Kf1 Bxa3 36. Ke2 Bc5 37. Kd3 f5 38. f3 fxe4+ 39. fxe4 Kf7 40. Kc4
a3 41. Kb3 h5 42. Bh4 e6 43. Bg5 exd5 44. exd5 Kg7 45. Ka2 Kf7 46. Kb3 Ke8 47.
Bf4 Ke7 48. Bg5+ Kd7 49. Bc1 Kc7 50. Bg5 Kb6 51. Be7 Kb5 52. Bf8 a2 53. Kxa2 Kc4
54. Kb2 Kxd5 55. Kc2 Ke4 56. Kd1 Kd3 57. Ke1 Kc4 58. Ke2 d5 59. Bh6 d4 60. Kf3
d3 61. Bg5 Kc3 62. h4 Kc2 63. g3 Ba3 64. Ke4 Bd6 65. Kf3 Bb4 66. Bh6 Bd2 67. Bf8
Bc3 68. Bh6 Bg7 69. Bg5 Bf6 70. Bh6 g5 0-1

[Event "Moscow Open A 2016"]
[Site "Moscow RUS"]
[Date "2016.02.02"]
[Round "4.36"]
[White "Mikhailov, Viacheslav"]
[Black "Harutjunyan, Gevorg"]
[Result "1-0"]
[WhiteTitle "FM"]
[BlackTitle "GM"]
[WhiteElo "2332"]
[BlackElo "2436"]
[WhiteFideId "4187369"]
[BlackFideId "13300873"]
[EventDate "2016.01.30"]

1. c4 e5 2. g3 h5 3. h4 Nc6 4. Nc3 Bc5 5. d3 d6 6. Bg2 Nge7 7. Nf3 Bg4 8. O-O a6
9. Kh2 f6 10. Nd5 Qd7 11. Be3 Rb8 12. d4 Bxf3 13. dxc5 Bxg2 14. Kxg2 Nxd5 15.
cxd5 Ne7 16. Qb3 Qb5 17. Qxb5+ axb5 18. Rfd1 Ra8 19. Rac1 Kd7 20. a3 Ra4 21. Rc3
Rc4 22. Rxc4 bxc4 23. cxd6 Kxd6 24. Bc1 Nc8 25. e4 Nb6 26. f4 Na4 27. Kf3 Ra8
28. Rg1 Ra6 29. g4 hxg4+ 30. Rxg4 Rb6 31. fxe5+ fxe5 32. Rg6+ Ke7 33. Rxg7+ Kf8
34. Rxc7 Rf6+ 35. Kg4 b5 36. Bg5 Rf7 37. d6 Nb6 38. h5 Ke8 39. h6 1-0

[Event "Moscow Open A 2016"]
[Site "Moscow RUS"]
[Date "2016.02.02"]
[Round "4.37"]
[White "Sarana, Alexey"]
[Black "Amerzianov, Timur"]
[Result "1-0"]
[WhiteElo "2435"]
[BlackElo "2269"]
[WhiteFideId "24133795"]
[BlackFideId "24136182"]
[EventDate "2016.01.30"]

1. d4 Nf6 2. Nf3 c5 3. d5 e6 4. c4 b5 5. Bg5 exd5 6. cxd5 d6 7. e4 a6 8. Nfd2
Be7 9. Bf4 O-O 10. a4 b4 11. Bd3 a5 12. O-O Ba6 13. Bxa6 Rxa6 14. Re1 Nbd7 15.
Nc4 Nb6 16. Nbd2 Nxc4 17. Nxc4 Nd7 18. Qd3 Qa8 19. Qg3 Qb8 20. Rac1 Rd8 21. e5
dxe5 22. Rxe5 Bf8 23. Re3 Qa8 24. Bc7 Rg6 25. Qh3 Rh6 26. Qf5 Rf6 27. Qd3 Rc8
28. d6 Rf4 29. b3 Rd4 30. Qe2 Qd5 1-0

[Event "Moscow Open A 2016"]
[Site "Moscow RUS"]
[Date "2016.02.02"]
[Round "4.38"]
[White "Frolov, Ivan"]
[Black "Abdusattorov, Nodirbek"]
[Result "0-1"]
[WhiteTitle "FM"]
[BlackTitle "FM"]
[WhiteElo "2318"]
[BlackElo "2430"]
[WhiteFideId "4188012"]
[BlackFideId "14204118"]
[EventDate "2016.01.30"]

1. e4 e5 2. Nf3 Nc6 3. Nc3 Nf6 4. Bb5 Bd6 5. d3 h6 6. h3 a6 7. Ba4 O-O 8. g4 Bb4
9. g5 hxg5 10. Bxg5 d5 11. Rg1 dxe4 12. Bh6 Ne8 13. dxe4 Qxd1+ 14. Rxd1 f6 15.
Bb3+ Kh7 16. Bd2 Na5 17. Nd5 Bxd2+ 18. Nxd2 Nxb3 19. Nxb3 Rf7 20. c4 a5 21. c5
a4 22. Nc1 Ra5 23. Nd3 Be6 24. Nc3 Rd7 25. Rg3 c6 26. f4 exf4 27. Nxf4 Rxd1+ 28.
Kxd1 Bc4 29. Kd2 Rxc5 30. Nxa4 Re5 31. Nc3 Nd6 32. b3 Ba6 33. Re3 Rg5 34. a4 Nf7
35. Ne6 Rg2+ 36. Kc1 Ne5 37. Nc5 Kh6 38. a5 Kg5 39. N3a4 Kf4 40. Rc3 Bb5 41.
Nxb7 Nd3+ 42. Kb1 Kxe4 43. Nac5+ Nxc5 44. Nxc5+ Kd4 45. Rc1 Re2 46. b4 f5 47. a6
Re7 48. Kb2 Ra7 49. Ra1 f4 50. Ne6+ Ke4 51. Re1+ Kf3 52. Re5 g6 53. Nd4+ Kf2 54.
Rg5 Bd3 55. Kc3 Be4 56. Re5 Bg2 57. Ra5 Bf1 58. b5 Bxb5 59. Nxb5 cxb5 60. Kb4 f3
61. Kxb5 Kg2 62. Kb6 Rxa6+ 63. Rxa6 f2 64. Kc7 f1=Q 65. Rxg6+ Kxh3 66. Rh6+ Kg4
67. Rg6+ Kf5 68. Rc6 Qb5 69. Kd6 Qe5+ 70. Kd7 Qd5+ 71. Rd6 Qb7+ 72. Kd8 Ke5 73.
Rd7 Qb8+ 74. Ke7 Qg8 75. Rc7 Qg7+ 76. Kd8 Qf8+ 77. Kd7 Kd5 78. Rb7 Qf7+ 79. Kc8
Qe8+ 80. Kc7 Kc5 81. Rb1 Qe5+ 82. Kd8 Qh8+ 0-1

[Event "Moscow Open A 2016"]
[Site "Moscow RUS"]
[Date "2016.02.02"]
[Round "4.39"]
[White "Mustaps, Matiss"]
[Black "Bigaliev, Renat"]
[Result "0-1"]
[WhiteTitle "FM"]
[BlackTitle "IM"]
[WhiteElo "2308"]
[BlackElo "2422"]
[WhiteFideId "11602295"]
[BlackFideId "4126289"]
[EventDate "2016.01.30"]

1. e4 c6 2. d4 d5 3. Nd2 dxe4 4. Nxe4 Nd7 5. Bc4 Ngf6 6. Ng5 e6 7. Qe2 Nb6 8.
Bd3 h6 9. N5f3 c5 10. c3 Qc7 11. Ne5 cxd4 12. Ngf3 dxc3 13. O-O Bd6 14. bxc3
Nbd7 15. Nc4 Bc5 16. Nd4 O-O 17. Qf3 Nd5 18. Re1 N7f6 19. Nb5 Qd8 20. Ne5 Bd7
21. Nd4 Nxc3 22. Bxh6 gxh6 23. Qg3+ Kh8 24. Qf4 Ng8 25. Nxf7+ Rxf7 26. Qxf7 Qe7
27. Qxe7 Bxe7 28. Nxe6 Bf6 29. Rac1 Rc8 30. Nf4 b5 31. a3 a5 32. Kf1 b4 33. axb4
axb4 34. Ra1 Na4 35. Ng6+ Kg7 36. Ne5 Be8 37. Rab1 Rb8 38. Rbc1 Nc3 39. Ra1 Ba4
40. Nd7 Bxd7 41. Ra7 Rd8 42. Bf5 b3 43. Bxd7 b2 44. Bf5+ Ne7 45. Rb7 Rd2 46. g4
Kf8 47. Rb8+ Kf7 48. Rb7 Bh4 49. Re3 Rxf2+ 50. Kg1 Ne2+ 51. Kh1 Nd4 52. Bd3 Bf6
53. Rg3 Ne2 54. Rg1 Nc3 55. Rg3 Bg5 56. Kg1 Rd2 57. Be4 Ke6 58. Rb3 Ned5 59. Bh7
Ke5 60. h4 Bf4 61. Rf3 Rd1+ 62. Kf2 Ne4+ 63. Ke2 Rd2+ 64. Ke1 Rh2 65. Rh3 Bd2+ 0-1

[Event "Moscow Open A 2016"]
[Site "Moscow RUS"]
[Date "2016.02.02"]
[Round "4.40"]
[White "Zhu, Yi"]
[Black "Martinez Ramirez, Lennis"]
[Result "1/2-1/2"]
[WhiteTitle "FM"]
[BlackTitle "FM"]
[WhiteElo "2295"]
[BlackElo "2410"]
[WhiteFideId "8607435"]
[BlackFideId "3509079"]
[EventDate "2016.01.30"]

1. d4 g6 2. e4 Bg7 3. Nf3 d6 4. h3 Nf6 5. Nc3 O-O 6. Be3 c6 7. Bd3 b5 8. O-O Bb7
9. Qd2 Nbd7 10. Bh6 e5 11. Bxg7 Kxg7 12. b4 a5 13. a3 Qb6 14. Qe3 exd4 15. Nxd4
Rfe8 16. f4 Nd5 17. Nxd5 cxd5 18. f5 axb4 19. Qf2 Kh8 20. Bxb5 Rxe4 21. Rad1 Ne5
22. fxg6 hxg6 23. axb4 Rc8 24. Kh1 f5 25. Rfe1 Kg8 26. Ba4 Qxb4 27. Rxe4 dxe4
28. Bb3+ d5 29. Nxf5 gxf5 30. Qxf5 Qd6 31. Qxe4 Rc5 32. Qf5 Kg7 33. Qf4 Qf6 1/2-1/2

[Event "Moscow Open A 2016"]
[Site "Moscow RUS"]
[Date "2016.02.02"]
[Round "4.41"]
[White "Litvinov, Maxim"]
[Black "Shandrygin, Nikita"]
[Result "1-0"]
[WhiteElo "2408"]
[BlackElo "2236"]
[WhiteFideId "24157449"]
[BlackFideId "24198668"]
[EventDate "2016.01.30"]

1. e4 e5 2. Nf3 Nc6 3. Bb5 Nge7 4. O-O g6 5. d4 exd4 6. Nxd4 Bg7 7. Be3 O-O 8.
Nc3 a6 9. Be2 d6 10. Qd2 f5 11. Nxc6 bxc6 12. Bd4 c5 13. Bc4+ Kh8 14. Bxg7+ Kxg7
15. Rfe1 Bb7 16. Nd5 Bxd5 17. exd5 Ng8 18. Re6 Re8 19. Rae1 Rxe6 20. Rxe6 Kf7
21. Qe2 a5 22. Bb5 Nf6 23. h3 Qf8 24. c4 Nh5 25. Qd2 Ng7 26. Re3 Qd8 27. Bc6 Rb8
28. b3 Rb4 29. a3 Rb6 30. Qxa5 f4 31. Rf3 g5 32. Qe1 Qf6 33. a4 Qe5 34. Qxe5
dxe5 35. Bb5 Nf5 36. b4 Nd4 37. bxc5 Nxf3+ 38. gxf3 Rb8 39. d6 cxd6 40. cxd6 Ke6
41. d7 Kd6 42. a5 Kc7 43. a6 h5 44. Kf1 Rg8 45. Ke2 g4 46. fxg4 hxg4 47. hxg4
Rxg4 48. Bc6 Rg8 49. Bd5 1-0

[Event "Moscow Open A 2016"]
[Site "Moscow RUS"]
[Date "2016.02.02"]
[Round "4.43"]
[White "Naumkin, Igor"]
[Black "Muradli, Mahammad"]
[Result "1-0"]
[WhiteTitle "GM"]
[BlackTitle "FM"]
[WhiteElo "2403"]
[BlackElo "2204"]
[WhiteFideId "4101715"]
[BlackFideId "13409301"]
[EventDate "2016.01.30"]

1. d4 Nf6 2. c4 g6 3. Nc3 Bg7 4. e4 d6 5. Nf3 O-O 6. Be2 e5 7. d5 Na6 8. Bg5 h6
9. Bh4 g5 10. Bg3 Nh5 11. Nd2 Nf4 12. O-O c6 13. Re1 cxd5 14. cxd5 Nc5 15. Bf1
f5 16. exf5 Bxf5 17. Nde4 Rc8 18. Nxc5 Rxc5 19. f3 Rc8 20. Bf2 a6 21. Ne4 Qd7
22. h3 Kh8 23. Qb3 Bxe4 24. Rxe4 Qf7 25. Rd1 Bf6 26. Rb4 Rc7 27. Rb6 Rd7 28. Qc4
Bd8 29. Rb3 Rc7 30. Qe4 Be7 31. a4 Rfc8 32. Be3 Nh5 33. Qg4 Nf6 34. Qf5 Qh7 35.
Qxh7+ Kxh7 36. Bd3+ Kg7 37. Bf5 Rf8 38. g4 Nd7 39. Rc3 1-0

[Event "Moscow Open A 2016"]
[Site "Moscow RUS"]
[Date "2016.02.02"]
[Round "4.44"]
[White "Linker, Mikhail"]
[Black "Kopylov, Alexander A."]
[Result "0-1"]
[BlackTitle "IM"]
[WhiteElo "2241"]
[BlackElo "2401"]
[WhiteFideId "14101734"]
[BlackFideId "4164857"]
[EventDate "2016.01.30"]

1. d4 Nf6 2. Nf3 g6 3. g3 Bg7 4. Bg2 O-O 5. c4 d6 6. Nc3 Nc6 7. O-O Bf5 8. d5
Na5 9. Nd2 c5 10. e4 Bd7 11. Qc2 b5 12. Nxb5 Bxb5 13. cxb5 Qb6 14. a4 a6 15.
bxa6 Rfb8 16. Nc4 Qb3 17. Qxb3 Nxb3 18. Ra3 Nd7 19. Bg5 Ne5 20. Nxe5 Bxe5 21.
Bxe7 Rxa6 22. f4 Bxb2 23. Ra2 Bd4+ 24. Kh1 Re8 25. Bh4 c4 26. Rb1 Rb6 27. Rc2 c3
28. a5 Rbb8 29. e5 Nxa5 30. Re1 Nc4 31. Bf1 Nd2 32. Rd1 Nxf1 33. Rxf1 dxe5 34.
d6 Re6 35. fxe5 Bxe5 36. d7 f6 37. Rd1 Rd8 38. g4 Re7 39. Bg3 Bxg3 40. hxg3
Rdxd7 41. Rxd7 Rxd7 42. Rxc3 Rd4 43. g5 fxg5 44. Rc7 Re4 45. Kg2 g4 46. Kf2 h5
47. Ra7 Kf8 48. Rb7 Re7 49. Rb6 Kf7 50. Ra6 Re6 51. Ra8 Kf6 52. Rf8+ Kg5 53. Rh8
Kf5 54. Ra8 Rd6 55. Ke3 Ke5 56. Ra5+ Rd5 57. Ra6 Kf5 58. Rb6 Ra5 59. Rc6 Ra2 60.
Rc5+ Kf6 61. Rc3 Rg2 62. Ke4 Rf2 63. Rc1 Rf3 64. Rg1 g5 65. Rg2 Kg6 66. Rg1 Kf6
67. Rg2 Rf1 68. Ke3 Kf5 69. Rh2 Rf3+ 70. Ke2 Rxg3 71. Rxh5 Rh3 0-1

[Event "Moscow Open A 2016"]
[Site "Moscow RUS"]
[Date "2016.02.02"]
[Round "4.45"]
[White "Khanin, Semen"]
[Black "Romanov, Stanislav"]
[Result "1-0"]
[WhiteTitle "IM"]
[WhiteElo "2393"]
[BlackElo "2121"]
[WhiteFideId "4111990"]
[BlackFideId "4116895"]
[EventDate "2016.01.30"]

1. e4 g6 2. d4 Bg7 3. Nc3 d6 4. Nf3 Nf6 5. Be2 O-O 6. O-O a6 7. a4 Nc6 8. h3 e6
9. Be3 Ne7 10. Qd2 Nd7 11. Bh6 f5 12. Bc4 Nb6 13. Bb3 fxe4 14. Nxe4 d5 15. Bxg7
Kxg7 16. Nc5 Qd6 17. Qe2 Rf6 18. Rfe1 a5 19. Ng5 Nc6 20. c3 Nd8 21. Bc2 h6 22.
Nf3 Nd7 23. Qe3 Nxc5 24. dxc5 Qf4 25. Qxf4 Rxf4 26. Nd4 Bd7 27. Re3 Rf6 28. Rae1
Kf7 29. g3 Nc6 30. h4 Nxd4 31. cxd4 g5 32. hxg5 hxg5 33. Re5 Rg8 34. Bd1 Rh6 35.
Bg4 Rgh8 36. Kg2 Rh2+ 37. Kf3 Rf8 38. Bxe6+ Kg6+ 39. Kg4 Bxe6+ 40. Rxe6+ Rf6 41.
Rxf6+ Kxf6 42. Re8 Kf7 43. Re5 Kf6 44. Rf5+ Ke6 45. Kxg5 c6 46. Rf6+ Kd7 47.
Rf7+ Kc8 48. g4 Rh1 49. f4 Rd1 50. f5 1-0

[Event "Moscow Open A 2016"]
[Site "Moscow RUS"]
[Date "2016.02.02"]
[Round "4.46"]
[White "Kharchenko, Boris"]
[Black "Nesterov, Arseniy"]
[Result "1-0"]
[WhiteTitle "GM"]
[WhiteElo "2506"]
[BlackElo "2049"]
[WhiteFideId "14113210"]
[BlackFideId "24198455"]
[EventDate "2016.01.30"]

1. e4 e6 2. d4 d5 3. Nd2 Nf6 4. e5 Nfd7 5. Bd3 c5 6. c3 Nc6 7. Ne2 cxd4 8. cxd4
f6 9. exf6 Nxf6 10. Nf3 Bd6 11. O-O Qc7 12. g3 O-O 13. Bf4 e5 14. dxe5 Nxe5 15.
Nxe5 Bxe5 16. Rc1 Qd6 17. Bxe5 Qxe5 18. Qb3 Bh3 19. Rfe1 Rae8 20. Qc3 Qxc3 21.
Nxc3 Rxe1+ 22. Rxe1 Bd7 23. f3 Bc6 24. Ne2 Re8 25. Rc1 Nd7 26. Nd4 Ne5 27. Bf1
g5 28. Rc3 Bd7 29. Rc7 Bc6 30. Bh3 Rb8 31. Be6+ Kh8 32. Kg2 h5 33. b4 a6 34. Bf5
Kg8 35. f4 gxf4 36. gxf4 Nc4 37. Kg3 Nd6 38. Be6+ Kh8 39. Nxc6 Ne4+ 40. Kg2 bxc6
41. Rxc6 d4 42. Rc8+ Rxc8 43. Bxc8 Nc3 44. Bxa6 Nxa2 45. b5 Nb4 46. Bb7 Kg7 47.
Be4 Kf6 48. b6 Na6 49. b7 Nb8 50. Kg3 Ke7 51. Kh4 Kf6 52. f5 Nd7 53. Bd3 Nb8 54.
Bb5 1-0

[Event "Moscow Open A 2016"]
[Site "Moscow RUS"]
[Date "2016.02.02"]
[Round "4.47"]
[White "Prikhodko, Anton"]
[Black "Lintchevski, Daniil"]
[Result "0-1"]
[BlackTitle "GM"]
[WhiteElo "2326"]
[BlackElo "2563"]
[WhiteFideId "24115150"]
[BlackFideId "4171055"]
[EventDate "2016.01.30"]

1. e4 c5 2. Nf3 d6 3. d4 cxd4 4. Nxd4 Nf6 5. Nc3 a6 6. f4 e5 7. Nf3 Qc7 8. Bd3
Be7 9. O-O Nbd7 10. Qe1 O-O 11. a4 exf4 12. Bxf4 Ne5 13. Kh1 Be6 14. Nd4 Rfe8
15. Be2 Nfd7 16. Qg3 Ng6 17. Nxe6 fxe6 18. Bh5 Ndf8 19. Bg5 Qc5 20. Bxe7 Rxe7
21. Be2 Nd7 22. Ra3 Rf8 23. Rxf8+ Ndxf8 24. Ra1 Rf7 25. Rf1 Rxf1+ 26. Bxf1 Ne5
27. Qe1 Nfd7 28. Qd2 Nf6 29. b3 Neg4 30. h3 Nf2+ 31. Kh2 Qe5+ 32. g3 N6xe4 33.
Nxe4 Nxe4 34. Qe3 Ng5 35. Qb6 Ne4 36. Qe3 a5 37. Bg2 Nc5 38. Qxe5 dxe5 39. Kg1
Kf7 40. Kf2 Ke7 41. Ke3 Kd6 42. Bf3 b6 43. Be4 h6 44. Bd3 Nd7 45. Bc4 Nf6 46.
Be2 Nd5+ 47. Ke4 Ne7 48. Bd3 Nf5 49. Kf3 Kd5 50. c3 Nd6 51. Ke3 e4 52. Bc2 Nf5+
53. Kf2 Ke5 54. Bd1 g5 55. Be2 Ne7 56. Ke3 Nd5+ 57. Kd2 Nf6 58. Ke3 h5 59. h4
Nd5+ 60. Kd2 g4 61. Bd1 Ne7 62. Ke3 Nf5+ 63. Kf2 e3+ 64. Kg2 Nd6 65. Be2 Ne4 66.
Bd3 Nxc3 67. Bg6 0-1

[Event "Moscow Open A 2016"]
[Site "Moscow RUS"]
[Date "2016.02.02"]
[Round "4.48"]
[White "Bajarani, Ulvi"]
[Black "Rychkov, Oleg"]
[Result "1-0"]
[WhiteTitle "GM"]
[BlackTitle "FM"]
[WhiteElo "2540"]
[BlackElo "2323"]
[WhiteFideId "13403028"]
[BlackFideId "4122852"]
[EventDate "2016.01.30"]

1. e4 c5 2. Nf3 Nc6 3. Nc3 d6 4. d4 cxd4 5. Nxd4 Nf6 6. Bg5 e6 7. Qd2 h6 8. Nxc6
bxc6 9. Bf4 e5 10. Bg3 Nh5 11. O-O-O Be7 12. Kb1 Qa5 13. Bc4 Rb8 14. Bb3 Be6 15.
Qe2 Nxg3 16. hxg3 Bxb3 17. axb3 g6 18. Qc4 Qb6 19. f4 Qb7 20. Rd3 Rc8 21. Nd1 h5
22. Qc3 O-O 23. g4 exf4 24. gxh5 g5 25. g3 f5 26. exf5 Rxf5 27. Nf2 Bf6 28. Qe1
Qe7 29. Ng4 Kh7 30. Rxd6 Qxe1+ 31. Rxe1 Rf8 32. Rd7+ Kh8 33. gxf4 gxf4 34. Nh6
Rxh5 35. Nf7+ Kh7 36. Rg1 Rg8 37. Nd6+ Kh8 38. Rf1 Rh4 39. Rxa7 Bd4 40. Nf7+ Kh7
41. Rd7 Be3 42. Nd6+ Kg6 43. Nc4 Re8 44. Rd6+ Kg5 45. Rxc6 Rh7 46. b4 Re4 47. b5
Kg4 48. b6 Rb7 49. Nxe3+ Rxe3 50. c4 f3 51. c5 Re5 52. Rc8 Re3 53. c6 Rxb6 54.
c7 Kh3 55. Rg8 1-0

[Event "Moscow Open A 2016"]
[Site "Moscow RUS"]
[Date "2016.02.02"]
[Round "4.49"]
[White "Krylov, Ivan"]
[Black "Kornev, Alexei"]
[Result "0-1"]
[WhiteTitle "FM"]
[BlackTitle "GM"]
[WhiteElo "2322"]
[BlackElo "2517"]
[WhiteFideId "24128066"]
[BlackFideId "4120949"]
[EventDate "2016.01.30"]

1. d4 Nf6 2. c4 g6 3. Nc3 Bg7 4. e4 d6 5. Be2 O-O 6. Nf3 e5 7. O-O Nc6 8. d5 Ne7
9. Ne1 Nd7 10. Nd3 f5 11. f3 f4 12. Bd2 h5 13. Qc2 g5 14. Rfc1 Ng6 15. Nb5 a6
16. Na3 Nc5 17. Nxc5 dxc5 18. b4 Qe7 19. Qb3 Rf6 20. Be1 Rb6 21. Qd3 Bf8 22. Nc2
cxb4 23. Bf2 c5 24. a3 bxa3 25. Qxa3 Rf6 26. Rcb1 b6 27. Rb3 g4 28. Rab1 Rb8 29.
Kh1 Kh8 30. Ne1 g3 31. Bg1 Nh4 32. Qb2 Rg6 33. Bf1 Qg7 34. Nd3 gxh2 35. Bxh2 Bd6
36. Qf2 Be7 37. Qb2 Bf6 38. Nxc5 Bh3 39. Ne6 Bxe6 40. Rxb6 Rxb6 41. Qxb6 Rxg2
42. dxe6 Rxh2+ 43. Kxh2 Qg3+ 44. Kh1 Qxf3+ 45. Kg1 Qg3+ 46. Kh1 Nf3 47. Rb2 Qh4+
48. Kg2 Ne1+ 49. Kg1 Nf3+ 50. Kg2 Kh7 51. Qf2 Qg4+ 52. Kh1 Ng5 53. Qa7+ Kh6 54.
e7 Nxe4 55. Rg2 Qh3+ 56. Kg1 Ng3 57. Kf2 Qe6 58. Rxg3 fxg3+ 59. Kxg3 Bxe7 60. c5
Qg4+ 61. Kh2 Qf4+ 62. Kg2 Qd2+ 63. Kh1 Qd5+ 64. Bg2 Qxc5 65. Qxa6+ Kg7 66. Qc6
Qf2 67. Qe6 Bf6 68. Qd7+ Kh6 69. Qd3 Be7 70. Qf3 Qe1+ 71. Kh2 Qh4+ 72. Qh3 Qg4
73. Bf3 Qf4+ 74. Qg3 Qd2+ 75. Qg2 Qd6 76. Be4 Bg5 77. Qe2 Bf4+ 78. Kh1 Qa3 79.
Bd3 Qe7 80. Qe4 Qh4+ 81. Kg2 Qg3+ 82. Kf1 Qh3+ 83. Ke2 Kg5 84. Qg6+ Kh4 85. Be4
Bg5 86. Bf3 Qh2+ 87. Kf1 Kg3 88. Qxg5+ Kxf3 89. Qf6+ Qf4 90. Qa6 Ke3+ 91. Kg1
Qf2+ 0-1